[Event "Aragon-chT Preferente Gr I"]
[Site "Aragon"]
[Date "2023.01.28"]
[Round "1.52"]
[White "Alvaro Rada, Gonzalo"]
[Black "Pascual Sese, Lucas"]
[Result "0-1"]
[WhiteElo "1273"]
[BlackElo "1722"]
[PlyCount "112"]
[EventDate "2023.01.28"]
[EventType "team-tourn"]
[EventRounds "9"]
[EventCountry "ESP"]
[SourceTitle "EXT 2024"]
[Source "ChessBase"]
[SourceDate "2023.10.10"]
[SourceVersion "1"]
[SourceVersionDate "2023.10.10"]
[SourceQuality "1"]
[WhiteTeam "Shatranj"]
[BlackTeam "Las Fuentes"]
[WhiteTeamCountry "ESP"]
[BlackTeamCountry "ESP"]

1. c3 d5 2. Nf3 c6 3. d4 Nf6 4. Bf4 g6 5. Nbd2 Bg7 6. e3 0-0 7. Be2 Nbd7 8. 0-0 Re8 9. h3 Nh5 10. Bh2 c5 11. g4 Nhf6 12. Ne5 e6 13. Qc2 Nxe5 14. dxe5 Nd7 15. f4 c4 16. Rf2 Qc7 17. Nf3 Nc5 18. Rg2 Ne4 19. Nd2 Nxd2 20. Qxd2 b6 21. Rf1 Bb7 22. Bf3 Rad8 23. Qf2 Qc5 24. Kh1 b5 25. h4 Bc8 26. h5 f6 27. exf6 Bxf6 28. g5 Bg7 29. hxg6 hxg6 30. Qc2 Kf7 31. Bg1 Rh8+ 32. Rh2 Rxh2+ 33. Bxh2 Rh8 34. Qf2 a5 35. Bd1 b4 36. Bc2 Rh3 37. Re1 bxc3 38. bxc3 Bxc3 39. Re2 d4 40. e4 Qa3 41. Kg2 Rh5 42. f5 Rxg5+ 43. Bg3 exf5 44. exf5 Bb7+ 45. Be4 Bxe4+ 46. Rxe4 Rxf5 47. Rf4 Qb2 48. Rxf5+ gxf5 49. Kf3 Qxf2+ 50. Bxf2 Ke6 51. Bg3 a4 52. Bf4 Kd5 53. Bg5 d3 54. Ke3 Bd4+ 55. Kd2 Ke4 56. Be7 f4 0-1